Moral y Derecho. V Jornadas Chilenas de Derecho Natural. 6 al 10 de enero de 1987.

I tiakina i:
Ngā taipitopito rārangi puna kōrero
Kaituhi rangatōpū: Pontificia Universidad Católica de Chile. Facultad de Derecho (autor)
Hōputu: Pukapuka
Reo:Pāniora
I whakaputaina: Santiago, Chile: Pontificia Universidad Católica de Chile; Facultad de Derecho, 1987.
Ngā marau:
Ngā Tūtohu: Tāpirihia he Tūtohu
Kāore He Tūtohu, Me noho koe te mea tuatahi ki te tūtohu i tēnei pūkete!

MARC

LEADER 00000nam a2200000 a 4500
001 UCV1208
003 CL-VaPUC
005 20220822114414.0
008 900307e19870000cl 1 spa d
999 |c 381920  |d 381918 
040 |c Pontificia Universidad Católica de Valparaíso 
082 0 4 |a 340.112 PON 1987   |2 21 
110 2 |a Pontificia Universidad Católica de Chile. Facultad de Derecho  |e autor  |9 616388 
245 1 0 |a Moral y Derecho.   |b V Jornadas Chilenas de Derecho Natural. 6 al 10 de enero de 1987. 
260 |a Santiago, Chile:   |b Pontificia Universidad Católica de Chile;  |b Facultad de Derecho,  |c 1987. 
300 |a IV, 276 páginas.  
500 |a c.3 Donación Familia Prof. Alejandro Guzmán Brito. 
583 |a last modification  |c 19900307 00:00:00  |k Rodrigo Vera 
650 0 0 |a Etica y derecho  |2 CL-VaPUC  |9 341370 
650 0 0 |a Congresos  |9 257560 
650 0 0 |a Filosofía del derecho   |9 255050 
942 |c BK  |2 ddc  |n 0 
945 |d 19900307 00:00:00 
952 |0 0  |1 0  |4 0  |6 340_112000000000000_PON_1987  |7 0  |8 DER_TF  |9 503187  |a BIBDER  |b BIBDER  |d 2020-01-23  |i 2518147  |o 340.112 PON 1987  |p 2518147  |r 2023-01-25  |w 2020-01-23  |x Ubicación 4to Piso  |y BK  |z Estos recursos deben solicitarse con anticipación  |k DER 
952 |0 0  |1 0  |4 0  |6 340_112000000000000_PON_1987  |7 0  |8 P  |9 503188  |a BIBEDU  |b BIBEDU  |c BIBEDU_PB  |d 2020-01-23  |i 2518155  |o 340.112 PON 1987  |p 2518155  |r 2024-01-25  |w 2020-01-23  |y BK  |k FIL 
952 |0 0  |1 0  |2 ddc  |4 0  |5 1  |6 340_112000000000000_PON_1987  |7 1  |8 C_AGB  |9 581278  |a BIBDER  |b BIBDER  |d 2022-02-10  |e Donación   |i 5646243  |l 1  |o 340.112 PON 1987  |p 5646243  |r 2025-04-21  |s 2025-04-21  |t 3  |w 2022-02-10  |y BK_US  |k AGB